000 00922nam a22002777a 4500
999 _c8808
_d8808
003 AR-CdUCM
008 190326b ||||| |||| 00| 0 spa d
020 _a84-7232-602-0
040 _aMUNICIPALIDAD PROVINCIAL DEL CUSCO
_cBIBLIOTECA MUNICIPAL DEL CUSCO
082 _a016.98 /
_bL88
100 _aLópez-Ocón, Leoncio
_924546
245 _aPapeles de América en el archivo Ducal de Alba /
260 _aMadrid :
_bEdiciones de Cultura Hispánica,
_bAgencia Española de Cooperación Internacional,
_c1991.
300 _a196 páginas ;
_c28 cm.
650 _aArchivo Ducal de Alba (Madrid)
_924547
650 _aCatálogos
_95399
650 _aBibliografía
_91484
650 _aColonias
_914650
650 _aAmérica - España
_924548
650 _aHistoria
_9136
650 _aFuentes
_95740
700 _aCalle, Paloma
_924549
700 _aSolano, Francisco de
_924550
942 _2ddc
_cLIBROS
945 _azta